Regulating sale and rent back (Record no. 109680)

MARC details
000 -LEADER
fixed length control field 01281cad a22002415a 4500
001 - CONTROL NUMBER
control field E147687
008 - FIXED-LENGTH DATA ELEMENTS--GENERAL INFORMATION
fixed length control field 090604s2009 xxk f 000 0 eng d
035 ## - SYSTEM CONTROL NUMBER
System control number (Sirsi) u147687
041 0# - LANGUAGE CODE
Language code of text/sound track or separate title eng
050 04 - LIBRARY OF CONGRESS CALL NUMBER
Classification number 306.1 $2 18
110 2# - MAIN ENTRY--CORPORATE NAME
Corporate name or jurisdiction name as entry element Financial Services Authority
9 (RLIN) 4032
245 00 - TITLE STATEMENT
Title Regulating sale and rent back
Remainder of title an interim regime
Medium [electronic resource]
260 ## - PUBLICATION, DISTRIBUTION, ETC.
Place of publication, distribution, etc. London
Name of publisher, distributor, etc. FSA
Date of publication, distribution, etc. 2009
490 #0 - SERIES STATEMENT
Series statement FSA Policy Statement
Volume/sequential designation (09/9)
505 2# - FORMATTED CONTENTS NOTE
Formatted contents note Overview -- Summary of responses -- Cost-benefit analysis -- Annex 1: list of respondents to CP09/6 -- Appendix 1: near-final rules for interim permitted regulated sale and rent back activities
520 ## - SUMMARY, ETC.
Summary, etc. Sets out responses received to a consultation (CP09/6) on FSA regulation of sale and rent back (see L145495 and L146606 for further information), and outlines, in near-final form, the rules and guidance which will apply to such products, once secondary legislation has been passed to bring sale and rent back within the remit of the FSA.
521 ## - TARGET AUDIENCE NOTE
Target audience note Advanced
590 ## - LOCAL NOTE (RLIN)
Local note KA NTK
651 #4 - SUBJECT ADDED ENTRY--GEOGRAPHIC NAME
Geographic name United Kingdom
Chronological subdivision
690 ## - LOCAL SUBJECT ADDED ENTRY--TOPICAL TERM (OCLC, RLIN)
Topical term or geographic name as entry element Residential property
9 (RLIN) 6266
856 40 - ELECTRONIC LOCATION AND ACCESS
Uniform Resource Identifier <a href="https://www.fsa.gov.uk/pages/Library/Policy/Policy/2009/09_09.shtml">https://www.fsa.gov.uk/pages/Library/Policy/Policy/2009/09_09.shtml</a>
Public note View the policy statement free of charge at www.fsa.gov.uk...
942 ## - ADDED ENTRY ELEMENTS (KOHA)
Suppress in OPAC 0
Holdings
Withdrawn status Lost status Source of classification or shelving scheme Damaged status Not for loan Home library Current library Shelving location Date acquired Total Checkouts Full call number Barcode Date last seen Copy number Price effective from Koha item type
    Dewey Decimal Classification     Virtual Virtual Online 04/06/2009   ONLINE PUBLICATION 147687-2001 06/08/2019 1 06/08/2019 Book